000 00835nam a2200277 u 4500
001 000061987
005 20200120224143.0
008 140708s1990 sp er 000 f spa d
020 _a8427014074
041 0 _aDspa
043 _as-p----
082 0 4 _221
090 _aAN
_bSILRt
100 1 _aSilverberg, Robert
_b1935-
245 1 0 _aLa torres de cristal :
_bRobert Silverberg ; traducción Cristina Macía.
250 _a1a. ed.
260 _aBarcelona :
_bEdiciones martínez roca,
_c1990.
300 _a225 p.
_e21 cm.
490 0 _aSuper ficción segunda época.
_v115
546 _aspa
650 1 7 _aLiteratura estadounidence
_ySiglo XX - XXI
_2LEMB
650 2 7 _aNovela estadounidence
_2LEMB
650 2 7 _aFicción en la literatura
_2LEMB
650 2 7 _aLiteratura adulto
_2LEMB
700 1 _aMacía, Cristina,
_etraductor
999 _c8249
_d8249